Vplyv pandémie COVID-19 na akademickú sféru
Skúmanie a vyhodnotenie vplyvu pandémie na oblasť vysokoškolského vzdelávania, vedy a výskumu. Analýza vplyvu online vzdelávania na vyučovací proces, akademickú sféru a študentské mobility.
Guardado en:
| Autor principal: | |
|---|---|
| Otros Autores: | , |
| Formato: | Capítulo de libro |
| Lenguaje: | eslovaco |
| Materias: | |
| Etiquetas: |
Sin Etiquetas, Sea el primero en etiquetar este registro!
|
MARC
| LEADER | 00000naa$a2200000$$$4500 | ||
|---|---|---|---|
| 001 | 0280329 | ||
| 005 | 20240502074341.8 | ||
| 041 | 0 | |a slo | |
| 044 | |a SK | ||
| 245 | 1 | 0 | |a Vplyv pandémie COVID-19 na akademickú sféru |c Miriama Blahušiaková, Daša Mokošová, Erik Šoltés |
| 520 | |a Skúmanie a vyhodnotenie vplyvu pandémie na oblasť vysokoškolského vzdelávania, vedy a výskumu. Analýza vplyvu online vzdelávania na vyučovací proces, akademickú sféru a študentské mobility. | ||
| 610 | 2 | 0 | |a univerzity |
| 610 | 2 | 0 | |a vzdelávanie |
| 610 | 2 | 0 | |a pandémia |
| 610 | 2 | 0 | |a veda |
| 100 | 1 | |a Blahušiaková, Miriama, 1980- | |
| 700 | 1 | |a Mokošová, Daša, 1979- | |
| 700 | 1 | |a Šoltés, Erik, 1974- | |